[Event "Dundee & Angus op Challengers"]
[Site "Dundee"]
[Date "2012.10.12"]
[Round "1"]
[White "Loughran, Robert"]
[Black "Hilton, Stephen H"]
[Result "0-1"]
[WhiteElo "1541"]
[BlackElo "1708"]
[PlyCount "76"]
[EventDate "2012.10.12"]
[EventType "swiss"]
[EventRounds "5"]
[EventCountry "SCO"]
[SourceTitle "EXT 2017"]
[Source "ChessBase"]
[SourceDate "2016.10.25"]
[SourceVersion "1"]
[SourceVersionDate "2016.10.25"]
[SourceQuality "1"]

1. d4 Nf6 2. Nf3 g6 3. c3 Bg7 4. Nbd2 d5 5. e3 0-0 6. Bd3 Nbd7 7. 0-0 c5 8. Re1 Qc7 9. e4 Nxe4 10. Bxe4 dxe4 11. Nxe4 cxd4 12. Nxd4 a6 13. Ng5 Nf6 14. Qb3 e5 15. Ndf3 h6 16. Ne4 Nxe4 17. Rxe4 Be6 18. Qd1 Rad8 19. Qe1 Rfe8 20. h3 Bd5 21. Re3 f5 22. c4 Bxc4 23. Nd2 Bf7 24. Nb3 e4 25. Bd2 b6 26. Rc1 Qb7 27. Bc3 Bxb3 28. Bxg7 Qxg7 29. Rxb3 Rd6 30. f4 Qd4+ 31. Qe3 Qxe3+ 32. Rxe3 Re7 33. Rc2 g5 34. g3 Kg7 35. Kf2 Red7 36. Ree2 gxf4 37. gxf4 Kg6 38. Rc3 Rd3 0-1

[Event "Prestwick Airport Major"]
[Site "Prestwick"]
[Date "2011.05.14"]
[Round "3"]
[White "Thomas, Philip"]
[Black "Loughran, Robert"]
[Result "1-0"]
[WhiteElo "1811"]
[BlackElo "1581"]
[PlyCount "73"]
[EventDate "2011.05.13"]
[EventType "swiss"]
[EventRounds "5"]
[EventCountry "SCO"]
[SourceTitle "EXT 2023"]
[Source "ChessBase"]
[SourceDate "2022.10.05"]
[SourceVersion "1"]
[SourceVersionDate "2022.10.05"]
[SourceQuality "1"]

1. e4 c5 2. Nf3 Nc6 3. d4 cxd4 4. Nxd4 d6 5. c4 Nf6 6. Nc3 g6 7. f3 Bd7 8. Be3 Bg7 9. Be2 0-0 10. 0-0 a6 11. Rc1 Rc8 12. b3 Nxd4 13. Bxd4 Bh6 14. f4 e5 15. fxe5 Bxc1 16. Rxf6 dxe5 17. Bxe5 Be3+ 18. Kh1 Be6 19. Nd5 Bxd5 20. exd5 Qe7 21. Bc3 Rce8 22. d6 Qd8 23. d7 Re6 24. Rf3 Bc5 25. Rd3 Be7 26. Bf3 Qc7 27. c5 Rd8 28. b4 Bf6 29. Bg4 Bxc3 30. Bxe6 fxe6 31. Qb3 Qe5 32. Qxc3 Qxc3 33. Rxc3 Rxd7 34. Kg1 Kf7 35. a3 Kf6 36. Kf2 e5 37. c6 1-0